[Event "HUN-chT2 9394"]
[Site "Hungary"]
[Date "1994.??.??"]
[Round "?"]
[White "Katona, Marton"]
[Black "Radnoti, Gergely"]
[Result "1-0"]
[WhiteElo "2190"]
[BlackElo "2090"]
[PlyCount "49"]
[EventDate "1993.??.??"]
[EventType "team"]
[EventRounds "13"]
[EventCountry "HUN"]
[SourceTitle "TD"]
[Source "ChessBase"]
[SourceDate "1994.03.01"]
[SourceVersion "1"]
[SourceVersionDate "1994.03.01"]
[SourceQuality "1"]

1. e4 c6 2. d4 d5 3. f3 dxe4 4. fxe4 e5 5. Nf3 exd4 6. Bc4 Bb4+ 7. Bd2 Bxd2+ 8. Qxd2 Nf6 9. 0-0 0-0 10. Re1 c5 11. e5 Nd5 12. Bxd5 Qxd5 13. Nc3 Qc6 14. Ne4 Be6 15. Nf6+ Kh8 16. Re4 gxf6 17. Qh6 Rg8 18. Rh4 Bf5 19. Rf4 Bg6 20. exf6 Nd7 21. Ng5 Nxf6 22. Raf1 Ne4 23. Rxe4 Rae8 24. Rxf7 Qxe4 25. Rxh7+ 1-0

[Event "HUN-ch U18"]
[Site "Paks"]
[Date "1994.??.??"]
[Round "?"]
[White "Radnoti, Gergely"]
[Black "Gyimesi, Zoltan"]
[Result "0-1"]
[WhiteElo "2090"]
[BlackElo "2360"]
[PlyCount "74"]
[EventDate "1994.??.??"]
[EventType "tourn"]
[EventRounds "9"]
[EventCountry "HUN"]
[SourceTitle "EXT 2001"]
[Source "ChessBase"]
[SourceDate "2000.11.22"]
[SourceVersion "1"]
[SourceVersionDate "2000.11.22"]
[SourceQuality "1"]

1. d4 d5 2. c4 dxc4 3. Nc3 c5 4. e3 Nf6 5. Bxc4 e6 6. Nf3 a6 7. 0-0 b5 8. Be2 Bb7 9. dxc5 Bxc5 10. Qxd8+ Kxd8 11. b3 Ke7 12. Bb2 Nbd7 13. Nd2 Rac8 14. Bf3 Bxf3 15. Nxf3 Rc7 16. Rac1 Rhc8 17. Nd2 Bb4 18. Nce4 Rc2 19. Rfd1 Bxd2 20. Nxd2 Nd5 21. Nf3 Rxc1 22. Rxc1 Rxc1+ 23. Bxc1 Nc3 24. Bd2 Nxa2 25. b4 Nb6 26. Nd4 Nd5 27. Nc2 Nac3 28. f3 Na4 29. Nd4 Nab6 30. Kf2 Nc4 31. Be1 Ncxe3 32. Nc6+ Kd6 33. Nb8 Nc2 34. Nxa6 Kc6 35. Bd2 Kb6 36. Nc5 Ncxb4 37. Nd7+ Kc7 0-1

[Event "HUN-ch U18"]
[Site "Paks"]
[Date "1994.??.??"]
[Round "?"]
[White "Radnoti, Gergely"]
[Black "Juhasz, Laszlo"]
[Result "0-1"]
[WhiteElo "2090"]
[BlackElo "2145"]
[PlyCount "56"]
[EventDate "1994.??.??"]
[EventType "tourn"]
[EventRounds "9"]
[EventCountry "HUN"]
[SourceTitle "EXT 2001"]
[Source "ChessBase"]
[SourceDate "2000.11.22"]
[SourceVersion "1"]
[SourceVersionDate "2000.11.22"]
[SourceQuality "1"]

1. d4 Nf6 2. c4 c5 3. e3 cxd4 4. exd4 d5 5. Nc3 e6 6. Nf3 Be7 7. cxd5 Nxd5 8. Bd3 Nc6 9. 0-0 0-0 10. Bc2 Ncb4 11. Bb1 b6 12. a3 Nxc3 13. bxc3 Nd5 14. Qd3 Nf6 15. Bg5 g6 16. Ne5 Bb7 17. Qh3 Rc8 18. Re1 Nd5 19. Bh6 Rxc3 20. Bd3 Bf6 21. Bxf8 Nf4 22. Qg4 Bxe5 23. Bb4 Rxd3 24. dxe5 Qd5 25. Rad1 Rxd1 26. Rxd1 Ne2+ 27. Kf1 Qxd1+ 28. Be1 Ng3+ 0-1

[Event "HUN-chT2 9394"]
[Site "Hungary"]
[Date "1994.??.??"]
[Round "?"]
[White "Radnoti, Gergely"]
[Black "Korosparti, Sandor"]
[Result "1/2-1/2"]
[WhiteElo "2090"]
[BlackElo "2230"]
[PlyCount "54"]
[EventDate "1993.??.??"]
[EventType "team"]
[EventRounds "13"]
[EventCountry "HUN"]
[SourceTitle "TD"]
[Source "ChessBase"]
[SourceDate "1994.03.01"]
[SourceVersion "1"]
[SourceVersionDate "1994.03.01"]
[SourceQuality "1"]

1. d4 d5 2. c4 e6 3. Nc3 Nf6 4. Nf3 c6 5. cxd5 exd5 6. Bg5 Be7 7. e3 Ne4 8. Bxe7 Qxe7 9. Bd3 0-0 10. 0-0 Bg4 11. Qc2 f5 12. Ne5 Bh5 13. f3 Nd6 14. g4 Bg6 15. Rac1 Nd7 16. Nxg6 hxg6 17. e4 fxe4 18. fxe4 dxe4 19. Nxe4 Rxf1+ 20. Rxf1 Rf8 21. Rxf8+ Nxf8 22. Qc5 Nc8 23. Bc4+ Kh8 24. Qxe7 Nxe7 25. Ng5 Nd7 26. Nf7+ Kh7 27. Ng5+ Kh8 1/2-1/2